Retrouve les chansons d'Orelsan - Statistiques

Statistiques générales
  • Ce quiz a été pris 73 fois
  • Le résultat moyen est 18 sur 22
Answers on the Grid
Answers color-coded by a green-red scale on the quiz's grid according to % correct below.
Evidemment
La quête
Tout ce que je sais
Tout va bien
J'essaye, j'essaye
La mort du disque
Pierre, feuille, papier, ciseaux
La Terre est ronde
Bloqué
PANDEMONIUM RELOADED
L'odeur de l'essence
Discipline
Basique
Jour meilleur
Défaite de famille
J'pète les plombs
Paris-Seychelles
Suicide social
Et un jour une femme
Des histoires à raconter
Christophe
Boss
Ailleurs
Vertiges de l'amour
À l'heure où je me couche
A la vie qu'on mène
Soleil levant
Des milliers de je t'aime
La Pluie
Rêves bizarres
 
Statistiques - réponses
Réponse % Correct
La quête
98%
La Terre est ronde
98%
Tout va bien
95%
Défaite de famille
94%
Suicide social
94%
Basique
92%
Jour meilleur
92%
L'odeur de l'essence
91%
La Pluie
88%
Rêves bizarres
83%
Ailleurs
80%
À l'heure où je me couche
80%
Bloqué
80%
Evidemment
76%
Boss
71%
J'essaye, j'essaye
70%
Soleil levant
70%
Christophe
62%
La mort du disque
62%
Discipline
61%
Des histoires à raconter
56%
Tout ce que je sais
55%
Aucun quiz correspondant
Distribution des résultats
% des personnes avec chaque résultat
Percentile par nombre de réponses
Votre historique - résultats
Vous n’avez pas pris ce quiz